[Event "Open"]
[Site "Liberec CZE"]
[Date "2009.10.25"]
[Round "2"]
[White "Golcman,E"]
[Black "Broucek,T"]
[Result "1/2-1/2"]
[WhiteElo "2306"]
[BlackElo "2046"]

1.c4 c5 2.Nc3 b6 3.Nf3 Nf6 4.g3 Bb7 5.Bg2 e6 6.O-O Be7 7.d4 cxd4 8.Qxd4 d6
9.Rd1 a6 10.Ng5 Bxg2 11.Kxg2 O-O 12.Nce4 Ne8 13.Qd3 g6 14.Nf3 f6 15.Bf4 Ra7
16.b4 f5 17.Nxd6 Rd7 18.c5 Nc6 19.Qb3 Ng7 20.Ne5 Nxe5 21.Bxe5 Bf6 22.Bxf6 Qxf6
23.Qd3 f4 24.Qd4 f3+ 25.exf3 Qxf3+ 26.Kg1 bxc5 27.bxc5 Nf5 28.Qd3 Nxd6 29.Qxf3 Rxf3
30.Rac1 Rff7 31.cxd6 Rf8 32.Rc6 a5 33.Rb1 Rfd8 34.Rbb6 Kf7 35.f4 Kf6 36.Ra6 a4
37.Kf2 e5 38.Rxa4 Rxd6 39.Raa6 Rxc6 40.Rxc6+ Kf5 41.Rc5 Rd2+ 42.Kf3 Rxa2
43.Rxe5+ Kf6 44.Re2 Ra3+ 45.Kg4 Ra4 46.Rb2 Ra6 47.Rb7 h6 48.Rh7 h5+ 49.Kh4 Ra4
50.Rb7 Ra6 51.Rb5 Ra4 52.Rb6+ Kg7 53.h3 Ra5 54.Re6 Kf7 55.Rb6 Ra4 56.Rb5 Kf6
57.Rb6+ Kg7 58.Rd6 Rb4 59.Rc6 Ra4 60.g4 hxg4 61.hxg4 Rxf4 62.Kg5 Ra4 63.Rc7+ Kg8  1/2-1/2

[Event "24th GP Open A"]
[Site "Le Touquet FRA"]
[Date "2009.10.30"]
[Round "9"]
[White "Loiseau,Q"]
[Black "Bernard,Ch"]
[Result "0-1"]
[WhiteElo "2120"]
[BlackElo "2356"]

1.Nf3 Nf6 2.c4 g6 3.Nc3 c5 4.d4 cxd4 5.Nxd4 Bg7 6.e4 d6 7.Be2 O-O 8.Be3 Nc6
9.f3 Bd7 10.Qd2 Nxd4 11.Bxd4 Bc6 12.O-O a5 13.b3 Nd7 14.Be3 Nc5 15.Rab1 Qb6
16.Rfc1 Rfc8 17.Rc2 Qd8 18.Bf1 h5 19.Rd1 Kh7 20.Nd5 Bxd5 21.cxd5 Qd7 22.Qf2 Na6
23.Rdc1 Rxc2 24.Qxc2 a4 25.Bf2 Bh6 26.Rb1 Rc8 27.Qd1 Nb4 28.bxa4 Nxa2 29.Ra1 Nc3
30.Qb3 Bg7 31.Ra3 e6 32.dxe6 fxe6 33.Qb4 d5 34.Bd4 Bf8 35.Qb2 Nd1 36.Qb3 dxe4
37.Bb6 Rc3 38.Qxc3 Nxc3 39.Rxc3 Bd6 40.a5 Be5 41.Rc4 exf3 42.gxf3 Qd2 43.Bg2 Qd1+
44.Kf2 Bxh2 45.Bf1 Qd2+ 46.Be2 g5 47.Kf1 Bg3 48.Re4 e5 49.Kg2 Bf4 50.Kf1 Kg6
51.Rc4 Bg3 52.Re4 Kf5 53.Kg2 Bf4 54.Kf1 g4  0-1

[Event "Russia Cup w"]
[Site "St Petersburg RUS"]
[Date "2009.11.06"]
[Round "2.3"]
[White "Shumiakina,T"]
[Black "Turova,I"]
[Result "0-1"]
[WhiteElo "2322"]
[BlackElo "2384"]

1.Nf3 Nf6 2.c4 c5 3.Nc3 e6 4.g3 b6 5.Bg2 Bb7 6.O-O Be7 7.e3 O-O 8.b3 d5 9.Bb2 dxc4
10.bxc4 Nbd7 11.Qe2 Rc8 12.Rad1 a6 13.Ne1 Qc7 14.f4 Nb8 15.g4 Rfd8 16.g5 Nfd7
17.Qg4 Nf8 18.f5 Bxg2 19.Nxg2 Bd6 20.Ne4 Bxh2+ 21.Kh1 exf5 22.Qxf5 Nc6 23.Nf4 Bxf4
24.Rxf4 Ng6 25.Nf6+ gxf6 26.Qxf6 Nce5 27.Re4 Qc6 28.Qxc6 Nxc6 29.d4 cxd4
30.exd4 Na5 31.d5 Nxc4 32.Bf6 Rd6 33.Rde1 Kf8 34.Rc1 b5 35.Rd1 Nb6 36.Red4 h6
37.Kg1 hxg5 38.Bxg5 Kg7 39.Bc1 Nc4 40.Rg4 Rcd8 41.Bg5 Rxd5 42.Rf1 R8d6 43.Bf4 Re6
44.Rg2 Ne3 45.Bxe3 Rxe3 46.Rgf2 Rd7 47.Rf6 Ra7 48.R1f2 Ne5 49.R6f5 Rc7 50.Rg5+ Ng6
51.Rgf5 Rec3 52.Rf6 Rc1+ 53.Kh2 R1c2 54.Rxf7+ Rxf7 55.Rxc2 Rf6 56.Kg3 Kf7
57.Rc7+ Ke6 58.Kg4 Ne5+ 59.Kg5 Rf2  0-1

[Event "48th XtraCon TCh-DEN 2009-10"]
[Site "Denmark DEN"]
[Date "2009.11.07"]
[Round "1"]
[White "Hagen,Andr"]
[Black "Hansen,Ev"]
[Result "1/2-1/2"]
[WhiteElo "2331"]
[BlackElo "2164"]

1.Nf3 Nf6 2.c4 c5 3.Nc3 g6 4.e4 d6 5.d4 cxd4 6.Nxd4 Bg7 7.Be2 Nc6 8.Be3 O-O
9.O-O Nxd4 10.Bxd4 Be6 11.f4 Rc8 12.b3 a6 13.Qd3 Bd7 14.Qe3 Bc6 15.b4 e5
16.Bb6 Qe7 17.f5 gxf5 18.Rxf5 Bd7 19.Rf2 Be6 20.Nd5 Bxd5 21.cxd5 Rc2 22.Bf3 Rxf2
23.Qxf2 Rc8 24.Qe2 Qd7 25.a4 Rc3 26.b5 Qc8 27.bxa6 bxa6 28.a5 Bh6 29.Rf1 Bf4
30.g3 Rc2 31.Qe1 Bd2 32.Qb1 Qc3 33.Kh1 Kg7 34.Bd8 Rc1 35.Bxf6+ Kxf6 36.Be2+ Kg7
37.Qd3 Rxf1+ 38.Bxf1 Qxa5 39.Qxa6 Qxa6 40.Bxa6 Kf6 41.Kg2 h6  1/2-1/2

[Event "TCh-SLO East 1st League"]
[Site "Sentjur SLO"]
[Date "2009.11.07"]
[Round "7"]
[White "Kovacevic,Bl"]
[Black "Buzeti,J"]
[Result "1/2-1/2"]
[WhiteElo "2425"]
[BlackElo "2214"]

1.c4 c5 2.Nf3 Nf6 3.Nc3 e6 4.g3 b6 5.Bg2 Bb7 6.O-O Be7 7.d4 cxd4 8.Qxd4 d6
9.Rd1 a6 10.b3 Nbd7 11.e4 Qc7 12.Ba3 Nc5 13.e5 dxe5 14.Qxe5 Qxe5 15.Nxe5 Bxg2
16.Kxg2 Rc8 17.f4 Ncd7 18.Nxd7 Nxd7 19.Bb2 Nf6 20.Kf3 O-O 21.Rd3 Rfd8 22.Rad1 Rxd3+
23.Rxd3 Rd8 24.Rxd8+ Bxd8 25.Ba3 Nd7 26.Bd6 f6 27.b4 Kf7 28.b5 axb5 29.cxb5 Be7
30.Bc7 Bc5 31.Ne4 Bd4 32.Nd6+ Ke7 33.Nc4 g6 34.g4 h6 35.Bd6+ Kf7 36.Ke4 Bg1
37.f5 Nc5+ 38.Bxc5 Bxc5 39.a4 gxf5+ 40.gxf5 Ke7 41.h3 Bg1 42.Kf4 Bf2 43.Kg4 Kd7
44.Kf4 Ke7 45.Ke4 Kd7 46.Kf3 Bg1 47.Kf4 Bf2 48.Ke4 Ke7 49.a5 bxa5 50.Nxa5 exf5+
51.Kxf5 Kd6 52.b6 Kc5 53.b7 Bg3 54.h4 h5 55.Kg6 Kb6 56.Kxh5 f5 57.Kg5 Kxa5
58.h5 Kb6 59.Kxf5  1/2-1/2

[Event "Waling Dijkstra GpA"]
[Site "Leeuwarden NED"]
[Date "2009.11.14"]
[Round "2"]
[White "Petkov,V"]
[Black "Bijlsma,N"]
[Result "1-0"]
[WhiteElo "2477"]
[BlackElo "2075"]

1.Nf3 Nf6 2.c4 c5 3.Nc3 b6 4.e4 d6 5.d4 cxd4 6.Nxd4 Bb7 7.Qe2 Nbd7 8.g4 h6
9.Bg2 Rc8 10.h4 Nc5 11.g5 hxg5 12.Bxg5 Qc7 13.Nd5 Qb8 14.f4 Nfd7 15.O-O-O e6
16.h5 f6 17.h6 Kf7 18.Bh3 Re8 19.e5 exd5 20.e6+ Kg8 21.Qh5 Re7 22.exd7 fxg5
23.Be6+ Rxe6 24.h7+ Rxh7 25.Qxh7+ Kf7 26.Nxe6 Kxe6 27.Qh3+  1-0

[Event "Waling Dijkstra GpA"]
[Site "Leeuwarden NED"]
[Date "2009.11.15"]
[Round "5"]
[White "Lalic,B"]
[Black "Struik,T"]
[Result "1-0"]
[WhiteElo "2503"]
[BlackElo "2240"]

1.c4 Nf6 2.Nf3 e6 3.Nc3 c5 4.g3 b6 5.Bg2 Bb7 6.O-O Nc6 7.e4 d6 8.d4 cxd4
9.Nxd4 Be7 10.e5 Nxd4 11.exf6 Bxg2 12.fxe7 Qc7 13.Kxg2 Qxc4 14.Be3 Qc6+ 15.f3 Nf5
16.Bf2 d5 17.Rc1 Nxe7 18.Qd3 Qd7 19.Nb5  1-0

[Event "World Blitz"]
[Site "Moscow RUS"]
[Date "2009.11.17"]
[Round "22"]
[White "Karpov,Ana"]
[Black "Gashimov,V"]
[Result "1/2-1/2"]
[WhiteElo "2619"]
[BlackElo "2758"]

1.Nf3 Nf6 2.c4 c5 3.Nc3 g6 4.g3 Bg7 5.d4 cxd4 6.Nxd4 O-O 7.Bg2 Qc7 8.Nd5 Nxd5
9.cxd5 Qa5+ 10.Bd2 Qb6 11.Bc3 d6 12.Rc1 Nd7 13.Nb3 Bxc3+ 14.Rxc3 a5 15.Qd4 Qxd4
16.Nxd4 Nc5 17.Kd2 Bd7 18.Rhc1 a4 19.b4 axb3 20.axb3 Ra2+ 21.R1c2 Ra1 22.b4 Na6
23.Rb2 Ra4 24.Nc2 Rc8 25.Rxc8+ Bxc8 26.e4 Bd7 27.Bf1 Kf8 28.h4 h6 29.Kc3 Ke8
30.Kb3 Kd8 31.Bd3 Kc7 32.Ra2 Rxa2 33.Kxa2 Ba4 34.Ka3 Bxc2 35.Bxc2 Nb8 36.f4 Nd7
37.Kb3 Nf6 38.Kc4 Nh5 39.Kd4 Kd7 40.Ke3 Ng7 41.Bd1 f6 42.Be2 Kc7 43.Kd4 Kb6
44.Bd1 Kc7 45.Be2  1/2-1/2

[Event "World Youth U18"]
[Site "Antalya TUR"]
[Date "2009.11.20"]
[Round "9"]
[White "Yilmazyerli,M"]
[Black "Shyam,N"]
[Result "1-0"]
[WhiteElo "2295"]
[BlackElo "2393"]

1.Nf3 Nf6 2.c4 c5 3.Nc3 g6 4.e4 d6 5.d4 cxd4 6.Nxd4 Bg7 7.Be2 O-O 8.Be3 Nc6
9.Nc2 b6 10.O-O Bb7 11.Qd2 Rc8 12.f3 Ne5 13.Na3 Ne8 14.Rad1 Nd7 15.Nc2 Bh8
16.Bh6 Ng7 17.Ne3 Re8 18.Kh1 Ne6 19.Rfe1 Nf6 20.Bf1 Bg7 21.Bxg7 Nxg7 22.Ncd5 Nd7
23.Kg1 Rf8 24.Be2 Ne8 25.Nc3 a6 26.b3 e6 27.f4 Rc7 28.Qd4 Qe7 29.Rf1 f5 30.exf5 gxf5
31.Bf3 Qg7 32.Qd2 Nc5 33.Bxb7 Rxb7 34.b4 Nd7 35.Rde1 Rf6 36.Rf3 Qf7 37.a3 Rg6
38.Rf2 Ndf6 39.Qd4 Qg7 40.Rfe2 Rb8 41.Nf1 h5 42.Qd2 Nc7 43.Qxd6 h4 44.Ne3 Kh8
45.Kh1 Rg8 46.Qe5 h3 47.g3 Qd7 48.b5 Qc8 49.Qd6 axb5 50.cxb5 Na8 51.Qc6 Qxc6+
52.bxc6 Rc8 53.Ned1 Nc7 54.Nf2 Rh6 55.a4 Nfe8 56.Nd3 Ra8 57.Ne5 Kg8 58.Rb2 Ra6
59.Reb1 Na8 60.Nc4 e5 61.Nxe5 Rd6 62.Kg1 Rd8 63.Kf2 Nf6 64.Ke3 Nc7 65.Rd2 Re8
66.Kf3 Ne6 67.Rd6 Kg7 68.g4 Ne4 69.Rd7+ Kg8 70.gxf5 Ng7 71.f6 Nxc3 72.Rxg7+  1-0

[Event "World Youth U18"]
[Site "Antalya TUR"]
[Date "2009.11.21"]
[Round "10"]
[White "Mocanu,Se"]
[Black "Davletbakov,S"]
[Result "1-0"]
[WhiteElo "2169"]
[BlackElo "2175"]

1.c4 Nf6 2.Nc3 c5 3.Nf3 e6 4.d4 cxd4 5.Nxd4 a6 6.e4 d6 7.Be3 Be7 8.f3 Nbd7
9.Be2 Qc7 10.Rc1 b6 11.O-O Bb7 12.Qd2 O-O 13.Rfd1 Rac8 14.Bf1 Qb8 15.Kh1 Bd8
16.Bg1 Bc7 17.b4 Rfe8 18.Qf2 Kh8 19.Na4 g5 20.c5 bxc5 21.bxc5 dxc5 22.Nb3 Bf4
23.Rb1 Qc7 24.Naxc5 Nxc5 25.Nxc5 Bc6 26.Nxa6 Qe7 27.Nc5 Red8 28.Rxd8+ Rxd8
29.Nd3 Bc7 30.Qc2 Ba8 31.Bc5 Qd7 32.Be3 h6 33.Qc3 Kg7 34.Rc1 Bb8 35.Qa5 Bxe4
36.fxe4 Nxe4 37.Bg1 Qd6 38.Qe1 Qd5 39.Nb4 Qd2 40.Qxd2 Rxd2 41.Bd3 Nf2+ 42.Bxf2 Rxf2
43.Rc2 Rf4 44.Nc6 Bd6 45.g3 Ra4 46.Bc4 Ba3 47.Bb3 Re4 48.Kg2 h5 49.Rf2 Bc5
50.Rc2 Ba3 51.Na5 Re1 52.h3 g4 53.hxg4 hxg4 54.Kf2 Re5 55.Nc6 Rf5+ 56.Kg2 Bc5
57.Re2 Kf6 58.Na5 Rf3 59.Nc4 Bd4 60.Nd2 Rf5 61.Ne4+ Ke7 62.Nf2 Bxf2 63.Rxf2 Rc5
64.Rc2 Rb5 65.Kf2 f5 66.Rd2 Rb6 67.Re2 Kf6 68.Rxe6+ Rxe6 69.Bxe6 Kxe6 70.Ke3  1-0

[Event "ch-IND National A"]
[Site "Mumbai IND"]
[Date "2009.12.06"]
[Round "6"]
[White "Bakre,T"]
[Black "Gopal,G"]
[Result "1/2-1/2"]
[WhiteElo "2474"]
[BlackElo "2593"]

1.Nf3 c5 2.c4 Nf6 3.Nc3 d5 4.cxd5 Nxd5 5.e4 Nb4 6.Bb5+ N8c6 7.d4 cxd4 8.a3 Bd7
9.Nxd4 Nxd4 10.Bxd7+ Qxd7 11.axb4 e6 12.Be3 Rd8 13.Rxa7 Bxb4 14.Qxd4 Qxd4
15.Bxd4 Rxd4 16.Rxb7 O-O 17.O-O Bxc3 18.bxc3 Rxe4 19.Rc7 Rd8 20.g3 g5 21.Rb1 g4
22.Rb4 Rd1+ 23.Kg2 Rxb4 24.cxb4 Rb1 25.Rc4 h5 26.h3 f5 27.hxg4 hxg4 28.f4 Kf7
29.Rd4 Rb2+ 30.Kg1  1/2-1/2

[Event "New Years All-Ukrainian Open"]
[Site "Poltava UKR"]
[Date "2009.12.06"]
[Round "4"]
[White "Matjushin,G"]
[Black "Padalka,A"]
[Result "1-0"]
[WhiteElo "2466"]
[BlackElo "2170"]

1.Nf3 c5 2.c4 Nf6 3.Nc3 b6 4.e4 Nc6 5.d4 cxd4 6.Nxd4 Bb7 7.Bg5 Qc7 8.Ndb5 Qb8
9.Bxf6 gxf6 10.Nd5 Qe5 11.Nbc7+ Kd8 12.Nxa8 Qxe4+ 13.Qe2 Qxe2+ 14.Bxe2 Bxa8
15.O-O-O Bg7 16.Nc3 Ne5 17.Kb1 f5 18.Rhg1 e6 19.f4 Ng6 20.g3 Bxc3 21.bxc3 h5
22.Rd4 Ke7 23.Kc2 Bc6 24.Kd2 f6 25.Ke3 e5 26.Rd2 h4 27.Bf3 e4 28.Bg2 h3 29.Bf1 Ke6
30.a4 Ne7 31.Be2 Rg8 32.Rgd1 d5 33.Kf2 Rc8 34.Rd4 Rc7 35.cxd5+ Bxd5 36.c4 Bc6
37.c5 Bd5 38.cxb6 axb6 39.Rb1 Rc6 40.Rb2 Nc8 41.Rb5 Ba2 42.a5 bxa5 43.Rxa5 Bb3
44.Ra6 Rxa6 45.Bxa6 Ne7 46.Rb4 Bd1 47.Rd4 Bb3 48.Bf1 Nc6 49.Rd2 Ne7 50.Rb2 Bd5
51.Rb6+ Bc6 52.Bxh3 Kd5 53.Rb1 Kc4 54.Rc1+ Kd3 55.Rd1+ Kc2 56.Rd6 Bb5 57.Ke3 Bc4
58.Rd7 Nd5+ 59.Rxd5 Bxd5 60.Bxf5 Bf7 61.Bxe4+ Kc3 62.Bf3 Be6 63.g4 Bf7 64.f5  1-0

[Event "Open"]
[Site "Pilsen CZE"]
[Date "2009.12.08"]
[Round "4"]
[White "Golcman,E"]
[Black "Snaidr,J"]
[Result "1-0"]
[WhiteElo "2290"]
[BlackElo "2002"]

1.c4 Nf6 2.Nc3 c5 3.Nf3 d5 4.cxd5 Nxd5 5.Nxd5 Qxd5 6.g3 Nc6 7.Bg2 Qd8 8.O-O e5
9.d3 Be7 10.Be3 Rb8 11.Rc1 b6 12.b4 Nxb4 13.Nxe5 Bd6 14.Nc4 Bc7 15.d4 b5
16.Ne5 O-O 17.Rxc5 Bd6 18.a3 Bxe5 19.dxe5 Na6 20.Qxd8 Rxd8 21.Rc3 Bb7 22.Bxa7 Bxg2
23.Kxg2 Ra8 24.Bb6  1-0

[Event "Tch-SLO League"]
[Site "Rogaska Slatina SLO"]
[Date "2009.12.13"]
[Round "4"]
[White "Ruck,R1"]
[Black "Beliavsky,A"]
[Result "1/2-1/2"]
[WhiteElo "2556"]
[BlackElo "2648"]

1.Nf3 Nf6 2.c4 c5 3.Nc3 e6 4.e4 Nc6 5.Be2 d5 6.exd5 exd5 7.d4 Be6 8.Be3 cxd4
9.Nxd4 Nxd4 10.Bxd4 dxc4  1/2-1/2

[Event "16th Open A"]
[Site "Zadar CRO"]
[Date "2009.12.13"]
[Round "1"]
[White "Biliskov,V"]
[Black "Rezan,S"]
[Result "1/2-1/2"]
[WhiteElo "2290"]
[BlackElo "2428"]

1.Nf3 c5 2.c4 Nf6 3.Nc3 g6 4.d4 Bg7 5.d5 O-O 6.e4 d6 7.Bd3 e6 8.O-O exd5
9.exd5 Bg4 10.h3 Bxf3 11.Qxf3 Nfd7 12.Qg3 Ne5 13.Be2 f5 14.f4 Nf7 15.Bd2 Na6
16.a3 Nc7 17.Qf3 Qd7 18.Rab1 a5 19.Kh1 Rfe8 20.Bd1 a4 21.Bc2 b5 22.cxb5 Nxb5
23.Bxa4 Bxc3 24.Bxb5 Qxb5 25.Bxc3 Re4 26.Qg3 Qc4 27.Qh4 g5 28.Qg3 Rxf4 29.Rxf4 Qxf4
30.Qxf4 gxf4 31.Rf1 Ra4 32.Re1 Ng5 33.Re8+ Kf7 34.Rh8  1/2-1/2

[Event "Tch-SLO League"]
[Site "Rogaska Slatina SLO"]
[Date "2009.12.14"]
[Round "6"]
[White "Gruskovnjak,T"]
[Black "Grosar,A"]
[Result "1/2-1/2"]
[WhiteElo "2378"]
[BlackElo "2416"]

1.c4 c5 2.Nf3 Nf6 3.Nc3 d5 4.cxd5 Nxd5 5.d4 Nxc3 6.bxc3 g6 7.e3 Bg7 8.Bb5+ Nd7
9.O-O O-O 10.a4 Qc7 11.Ba3 b6  1/2-1/2

[Event "16th Open A"]
[Site "Zadar CRO"]
[Date "2009.12.14"]
[Round "3"]
[White "Ragger,M"]
[Black "Drazic,S"]
[Result "1/2-1/2"]
[WhiteElo "2565"]
[BlackElo "2519"]

1.Nf3 Nf6 2.c4 c5 3.Nc3 b6 4.g3 Bb7 5.Bg2 g6 6.O-O Bg7 7.d4 cxd4 8.Qxd4 Nc6
9.Qh4 h6 10.Nd5 e6 11.Nxf6+ Bxf6 12.Qf4 g5 13.Qe3 Na5 14.Nd2 Bxg2 15.Kxg2 Rc8
16.Qd3 O-O 17.Rb1 d5 18.cxd5 Qxd5+ 19.Qxd5 exd5 20.Rd1 Rc2 21.Nf1 Rxe2 22.Ne3 Nc4
23.Nxd5 Bxb2 24.Bxb2 Nxb2 25.Rd4 Kg7 26.Kf3 Rfe8 27.Ne3 R8xe3+ 28.fxe3 Rxh2
29.Rf1 f5 30.Rf2 g4+ 31.Ke2 Rxf2+ 32.Kxf2 Kf6 33.Ke2 b5 34.Rd6+ Ke5 35.Rxh6 Na4
36.Ra6 Nc3+ 37.Kd3 Ne4 38.Rxa7 Kd5 39.Ra5 Nc5+ 40.Kc3 Ne4+ 41.Kb4 Nxg3 42.Rxb5+ Ke4
43.a4 Kxe3 44.a5 f4 45.a6 f3 46.Rc5 f2 47.Rc1 Ne2 48.Rb1 Nd4 49.Kc5 g3 50.a7 g2
51.a8=Q f1=Q 52.Qe8+ Kd3 53.Qg6+ Qf5+ 54.Qxf5+ Nxf5 55.Rg1 Ne3 56.Rxg2 Nxg2  1/2-1/2

[Event "9th Amplico Life Rapid"]
[Site "Warsaw POL"]
[Date "2009.12.19"]
[Round "4"]
[White "Schmidt,Wl"]
[Black "Kravtsiv,M"]
[Result "0-1"]
[WhiteElo "2395"]
[BlackElo "2543"]

1.Nf3 Nf6 2.c4 e6 3.Nc3 c5 4.g3 Be7 5.Bg2 O-O 6.O-O d6 7.d4 cxd4 8.Nxd4 a6
9.b3 Qc7 10.Bb2 Nc6 11.Rc1 Nxd4 12.Qxd4 Bd7 13.Rfd1 Rfd8 14.h3 Be8 15.e4 Rac8
16.Qe3 Qa5 17.a3 Nd7 18.Ne2 Bf6 19.b4 Qc7 20.Bxf6 Nxf6 21.Qd4 Ba4 22.Rd3 Qe7
23.Rdc3 h6 24.Qe3 Be8 25.Nd4 Rc7 26.Nb3 Rdc8 27.c5 dxc5 28.Nxc5 e5 29.Kh2 Bb5
30.a4 Be8 31.a5 Bb5 32.f4 Re8 33.Rd1 Rc6 34.Rc2 Ba4 35.Rcd2 Bxd1 36.Rxd1 Rd6
37.Rc1 Rd4 38.fxe5 Qxe5 39.Nxb7 Rxb4 40.Nc5 Rb5 41.Nxa6 Rxa5 42.Nb4 Ra4 43.Nc6 Qh5
44.Qb3 Raxe4 45.Bxe4 Rxe4 46.Rc2 Ng4+  0-1

[Event "4th Int"]
[Site "Edmonton CAN"]
[Date "2009.12.20"]
[Round "7"]
[White "Kraai,J"]
[Black "Esserman,M"]
[Result "1/2-1/2"]
[WhiteElo "2509"]
[BlackElo "2408"]

1.Nf3 Nf6 2.c4 c5 3.Nc3 d5 4.cxd5 Nxd5 5.e4 Nb4 6.Bc4 Nd3+ 7.Ke2 Nf4+ 8.Kf1 Ne6
9.b4 cxb4 10.Nd5 g6 11.d4 Nc6 12.Be3 Bg7 13.Qd2 h6 14.Rd1 Qa5 15.h4 Bd7 16.g3 O-O-O
17.Kg2 f5 18.exf5 gxf5 19.a3 f4 20.axb4 fxe3 21.fxe3 Nxb4 22.Ra1 Qxd5 23.Bxd5 Nxd5
24.Rxa7 Bc6 25.e4 Nxd4 26.Ra8+ Kc7 27.Nxd4 Bxd4 28.Rxd8 Rxd8 29.exd5 Bxd5+
30.Kh2 Bxh1 31.Kxh1 Rd6 32.Kg2 b6 33.Kf3 Kd7 34.Qa2 Kd8 35.Qe2 Ke8 36.Kg4 Kd7
37.Kh5 Kd8 38.g4 Kd7 39.g5 hxg5 40.hxg5 Bf6 41.Qb5+ Kc7 42.gxf6 Rxf6 43.Qe8 Kd6
44.Kg5 Ke6 45.Kg4 Kd6 46.Qc8 b5 47.Qb7 Ke6 48.Qxb5 Kf7 49.Qb8 Rd6 50.Kf5 Rf6+
51.Ke5 Rd6 52.Qc8 Rf6 53.Qc4+  1/2-1/2

[Event "9th Amplico Life Rapid"]
[Site "Warsaw POL"]
[Date "2009.12.20"]
[Round "10"]
[White "Orzech,D"]
[Black "Kudzma,L"]
[Result "1-0"]
[WhiteElo "2411"]
[BlackElo "2236"]

1.Nf3 Nf6 2.c4 c5 3.Nc3 d5 4.cxd5 Nxd5 5.d4 cxd4 6.Qxd4 Nxc3 7.Qxc3 Nc6 8.e4 a6
9.Bc4 Bg4 10.O-O Bxf3 11.gxf3 e6 12.Be3 Rc8 13.Rfd1 Qa5 14.Qb3 Qc7 15.Bxe6 fxe6
16.Qxe6+ Be7 17.Bb6 Qxb6 18.Qxc8+ Nd8 19.Qd7+ Kf7 20.Rd5 g6 21.Rad1 Qc6 22.Qg4 Ne6
23.f4 Nc5 24.f5 Rg8 25.Kh1 gxf5 26.Rxf5+ Bf6 27.Qh5+ Ke6 28.Rxc5 Qxe4+ 29.f3 Qe2
30.Qd5+ Ke7 31.Qd7+ Kf8 32.Rc8+  1-0

[Event "26th Open"]
[Site "Geneva SUI"]
[Date "2009.12.26"]
[Round "1"]
[White "Krivonosov,O"]
[Black "Khanabiev,A"]
[Result "1-0"]
[WhiteElo "2432"]
[BlackElo "1974"]

1.Nf3 Nf6 2.c4 c5 3.Nc3 g6 4.d4 cxd4 5.Nxd4 Nc6 6.e4 d6 7.Be2 Bg7 8.Be3 O-O
9.O-O Nd7 10.Rc1 Nxd4 11.Bxd4 Bxd4 12.Qxd4 Ne5 13.Rfd1 Nc6 14.Qe3 b6 15.f4 Qc7
16.Nd5 Qb7 17.e5 dxe5 18.fxe5 Kg7 19.Bf3 Qb8 20.Qc3 e6 21.Nf6 Qc7 22.Rd6 Bb7
23.Rd7 Qc8 24.Rcd1 Na5 25.b4 Bxf3 26.Qxf3 Nxc4 27.Ng4 h5 28.Qf6+ Kg8 29.Nh6+ Kh7
30.Nxf7  1-0

[Event "IX Gema Open"]
[Site "Mondariz ESP"]
[Date "2009.12.29"]
[Round "6"]
[White "Montes Gutierrez,I"]
[Black "Silva,Luis"]
[Result "1/2-1/2"]
[WhiteElo "2154"]
[BlackElo "1706"]

1.Nf3 c5 2.c4 Nf6 3.Nc3 e6 4.g3 b6 5.Bg2 Bb7 6.O-O Be7 7.d4 cxd4 8.Qxd4 d6
9.Rd1 a6 10.Be3 Nbd7 11.b3 O-O 12.Qd2 Qc7 13.Bf4 e5 14.Bg5 Rfd8 15.Nh4 Bxg2
16.Nf5 Bf8 17.Kxg2 h6 18.Bxf6 Nxf6 19.Kg1 Qb7 20.Nd5 Nxd5 21.Qxd5 Qxd5 22.Rxd5 g6
23.Ne3 f5 24.Rad1 b5 25.c5 Kf7 26.a4 Rab8 27.axb5 Rxb5 28.Nc4 Rxb3 29.Nxe5+ Kf6
30.cxd6 Rb5 31.d7 Rxd5 32.Rxd5 Ke6 33.Ra5 Bb4 34.Rxa6+ Kxe5 35.Rxg6 Rxd7
36.Rxh6 Rd2 37.Rb6 Be7 38.Kf1 Rd6 39.Rxd6 Bxd6 40.Kg2 Ke4 41.h4 Be5 42.Kh3 Bd4
43.e3 Be5 44.g4 f4 45.h5 fxe3 46.fxe3 Bf6 47.h6 Kxe3 48.Kg3 Ke4 49.h7 Ke5
50.g5 Bg7 51.Kg4 Ke6 52.Kh5 Kf5  1/2-1/2

[Event "World Chess Open"]
[Site "Leon ESP"]
[Date "2010.01.01"]
[Round "8"]
[White "Georgiev,Ki"]
[Black "Krasenkow,M"]
[Result "1/2-1/2"]
[WhiteElo "2672"]
[BlackElo "2656"]

1.Nf3 Nf6 2.c4 c5 3.Nc3 d5 4.cxd5 Nxd5 5.d4 Nxc3 6.bxc3 g6 7.e3 Bg7 8.Bb5+ Nd7
9.a4 O-O 10.O-O b6 11.a5 Bb7 12.axb6 axb6 13.Rb1 Nf6 14.Bd3 Qc7 15.Re1 c4
16.Bf1 Ne4 17.Qc2 f5 18.Nd2 Nd6 19.Bb2 e5 20.Ra1 b5 21.Ba3 f4 22.dxe5 fxe3
23.Rxe3 Nf5 24.Ree1 Rxa3 25.Rxa3 Bxe5 26.Ne4 Bxh2+ 27.Kh1 Qe7 28.Kxh2 Qxa3
29.Kg1 Qe7 30.Qb1 Bc6 31.g3 Qa7 32.Re2 Kg7 33.Bh3 Re8 34.Qe1 Rxe4 35.Rxe4 Bxe4
36.Qxe4 Qc5 37.Qf4 Qd6 38.Qc1 Qd3 39.Bf1 Qe4 40.Qd2 Qe5 41.Qd7+ Ne7 42.Bg2 h5
43.Bc6 Kf6 44.Bxb5 Qxc3 45.Qd6+ Kf7 46.Qc5 Qe1+ 47.Kg2 Qe4+ 48.Kg1 Qe1+ 49.Kg2 Qe4+
50.Kh2 Kg7 51.Bxc4 h4 52.Qc7 hxg3+ 53.fxg3 Kh6  1/2-1/2

[Event "22nd Open"]
[Site "Staufer GER"]
[Date "2010.01.02"]
[Round "1"]
[White "Epishin,V"]
[Black "Feller,F"]
[Result "1-0"]
[WhiteElo "2607"]
[BlackElo "1925"]

1.c4 c5 2.Nf3 Nf6 3.Nc3 d5 4.cxd5 Nxd5 5.a3 Nc6 6.e3 Bg4 7.Be2 e6 8.Qa4 Bxf3
9.Bxf3 Be7 10.Nxd5 exd5 11.Qb3 O-O 12.Qxd5 Qb6 13.O-O Bf6 14.Rb1 Rad8 15.Qa2 Ne5
16.Be2 Nd3 17.b4 cxb4 18.axb4 Nxb4 19.Qa4 a5 20.d4 Be7 21.Bd2 Rc8 22.Ra1 Ra8
23.Rfc1 Rfd8 24.Rc4 h6 25.g3 Qe6 26.Qb5 b6 27.Bf3 Rab8 28.Rac1 Qd7 29.Qh5 Bd6
30.Bxb4 Bxb4 31.Rc7 Qe8 32.Bc6 Qe6 33.Bb5 Qf6 34.Rxf7 Qg5 35.Qxg5 hxg5 36.Rfc7 Bd6
37.R7c6 Be7 38.Re6  1-0

[Event "22nd Open"]
[Site "Staufer GER"]
[Date "2010.01.03"]
[Round "4"]
[White "Buhmann,R"]
[Black "Vuckovic,Alek"]
[Result "1-0"]
[WhiteElo "2591"]
[BlackElo "2311"]

1.Nf3 c5 2.c4 Nf6 3.Nc3 g6 4.e4 Bg7 5.d4 cxd4 6.Nxd4 Nc6 7.Be3 Ng4 8.Qxg4 Nxd4
9.Qd1 Ne6 10.Rc1 Qa5 11.Qd2 b6 12.b3 Bb7 13.f3 Rc8 14.Be2 h5 15.O-O g5 16.Rfd1 d6
17.Rc2 Be5 18.Nd5 Qxd2 19.Rdxd2 h4 20.b4 Kf8 21.a4 Bxd5 22.cxd5 Rxc2 23.Rxc2 Bd4
24.Kf2 Bxe3+ 25.Kxe3 Nf4 26.Bf1 Kg7 27.Rc7 Kf6 28.Rxa7 Rc8 29.Kd2 Rb8 30.Rc7 e6
31.g3 hxg3 32.hxg3 Nh5 33.a5 bxa5 34.bxa5 Nxg3 35.Bd3 exd5 36.exd5 Nf5 37.a6 Ne7
38.Rd7 Rb2+ 39.Kc3 Ra2 40.Bc4 Nxd5+  1-0

[Event "Meister Open"]
[Site "Basel SUI"]
[Date "2010.01.04"]
[Round "6"]
[White "Melkumjanc,N"]
[Black "Siebrecht,S"]
[Result "0-1"]
[WhiteElo "2301"]
[BlackElo "2468"]

1.Nf3 c5 2.c4 Nf6 3.Nc3 g6 4.g3 b6 5.Bg2 Bb7 6.O-O Bg7 7.d3 O-O 8.e4 d6 9.Nh4 Nc6
10.f4 a6 11.g4 Rb8 12.g5 Nd7 13.Nf3 Nd4 14.Nxd4 cxd4 15.Ne2 b5 16.cxb5 axb5
17.Ng3 b4 18.h4 Nc5 19.Rf2 Ra8 20.Bf1 e6 21.h5 Re8 22.b3 Ra7 23.Rb1 Bc6 24.Rbb2 Bb5
25.Rbc2 Qb6 26.Qf3 Rc7 27.f5 exf5 28.exf5 Bc6 29.Qg4 Nd7 30.f6 Ne5 31.Qf4 Bf8
32.Bb2 Ba8 33.Bxd4 Qa5 34.Rxc7 Qxc7 35.hxg6 Nxg6 36.Qg4 Re1 37.Rh2 Qc1 38.Rf2 Bb7
39.Bb2 Qe3 40.Nf5 Qxd3 41.Qd4 Qh3  0-1

[Event "ch-AUS"]
[Site "Sydney AUS"]
[Date "2010.01.04"]
[Round "3"]
[White "Bird,A"]
[Black "Matheson,L"]
[Result "1-0"]
[WhiteElo "2182"]
[BlackElo "2048"]

1.Nf3 Nf6 2.c4 c5 3.Nc3 g6 4.g3 b6 5.Bg2 Bb7 6.O-O Bg7 7.d4 cxd4 8.Qxd4 d6
9.Rd1 Nbd7 10.Be3 O-O 11.Qh4 Re8 12.Rac1 Rc8 13.Bh3 a6 14.b3 Bxf3 15.exf3 Rb8
16.Nd5 Ne5 17.Bg2 Nxd5 18.cxd5 b5 19.f4 Nd7 20.Rc6 Qa5 21.Qg4 Rb7 22.Qe2 Nb8
23.Rc2 Bc3 24.Rdc1 b4 25.h4 Nd7 26.h5 Nf6 27.hxg6 hxg6 28.Qd3 Qb5 29.Qd1 Rc8
30.f5 gxf5 31.Qf3 Qd7 32.Bh3 Ng4 33.Bd4 Rbc7 34.Bxc3 Rxc3 35.Rxc3 Rxc3 36.Rxc3 bxc3
37.Qxc3 Ne5 38.f4 Qa7+ 39.Kg2 Ng4 40.Qc8+ Kg7 41.Bxg4 fxg4 42.Qxg4+ Kh7 43.Qf5+ Kg7
44.Qg5+ Kh7 45.Kh3 Qd4 46.Qh4+ Kg7 47.Qxe7 Qxd5 48.Qg5+ Qxg5 49.fxg5 Kg6
50.Kg4 d5 51.b4 d4 52.a4 d3 53.Kf3 Kxg5 54.b5 d2 55.Ke2 Kg4 56.bxa6  1-0

[Event "Meister Open"]
[Site "Basel SUI"]
[Date "2010.01.05"]
[Round "7"]
[White "Lafuente,P"]
[Black "Pelletier,Y"]
[Result "1/2-1/2"]
[WhiteElo "2550"]
[BlackElo "2602"]

1.Nf3 Nf6 2.c4 c5 3.Nc3 e6 4.g3 b6 5.Bg2 Bb7 6.O-O Be7 7.Re1 d5 8.cxd5 Nxd5
9.e4 Nb4 10.d4 cxd4 11.Nxd4 N8c6  1/2-1/2

[Event "ch-POL"]
[Site "Warsaw POL"]
[Date "2010.01.10"]
[Round "2"]
[White "Pakleza,Z"]
[Black "Gumula,D"]
[Result "1-0"]
[WhiteElo "2498"]
[BlackElo "2312"]

1.Nf3 Nf6 2.c4 c5 3.Nc3 b6 4.g3 Bb7 5.Bg2 e6 6.d4 cxd4 7.Qxd4 d6 8.b3 a6
9.O-O Be7 10.Ba3 Nc6 11.Qf4 d5 12.Bxe7 Nxe7 13.Rfd1 O-O 14.Rac1 Qb8 15.Qxb8 Raxb8
16.cxd5 Nexd5 17.Nxd5 Bxd5 18.Ne5 Rb7 19.f3 Nd7 20.Nxd7 Rxd7 21.e4 Bc6 22.Rxd7 Bxd7
23.Rc7 Rd8 24.Kf2 g5 25.h4 Bb5 26.a4 Rd2+ 27.Kg1 Rd1+ 28.Kh2 Bf1 29.Bxf1 Rxf1
30.Kg2 Rb1 31.hxg5 Rb2+ 32.Kh3 Rxb3 33.Kg4 Rb4 34.Rb7 Kg7 35.Kf4 Kg6 36.Ke5 Rxa4
37.f4 Ra5+ 38.Kd6 Ra4 39.Rb8 Rxe4 40.Rg8+ Kf5 41.Rg7 a5 42.Rxf7+ Kg6 43.Ke7 e5
44.f5+ Kxg5 45.f6 Rc4 46.Rg7+ Kh6 47.Rg8 a4 48.f7 Rc7+ 49.Ke6 Rxf7 50.Kxf7 b5
51.Kf6 a3 52.Rg4  1-0

[Event "2nd Kirov Memorial Open"]
[Site "Blagoevgrad BUL"]
[Date "2010.01.11"]
[Round "1"]
[White "Arnaudov,G"]
[Black "Petrovski,I"]
[Result "1-0"]
[WhiteElo "2413"]
[BlackElo "2032"]

1.Nf3 Nf6 2.c4 g6 3.Nc3 c5 4.d4 cxd4 5.Nxd4 Bg7 6.e4 d6 7.Be2 O-O 8.Be3 Nc6
9.Qd2 Ng4 10.Bxg4 Bxg4 11.O-O Bd7 12.Rfd1 Nxd4 13.Bxd4 Bc6 14.b4 a6 15.b5 Bd7
16.Bxg7 Kxg7 17.e5 Bg4 18.f3 Qb6+ 19.Kh1 Be6 20.exd6 Qxd6 21.Qb2 Qe5 22.Re1 Qf6
23.Qb4 a5 24.Qa3 Qd4 25.Re4 Qf2 26.Rae1 Bxc4 27.Nd1 Qxa2 28.Qc3+ Kg8 29.Rxc4 a4
30.Ne3 a3 31.Nd5 Rfe8 32.Nc7 Rec8 33.Ne6  1-0